| 000 | 00391nam a2200157Ia 4500 | ||
|---|---|---|---|
| 008 | 230524s9999 xx 000 0 und d | ||
| 082 |
_a332.6422 _bHUL |
||
| 100 | _aJohn C.Hull | ||
| 245 | 0 | _a"Options, Futures and other Derivatives" | |
| 250 | _a6TH | ||
| 260 |
_aNEW DELHI _bPearson _c2009 |
||
| 300 | _aXVI;799 | ||
| 500 | _aQuantity Number: 20 | ||
| 650 | _aManagement | ||
| 942 | _cBK | ||
| 999 |
_c45026 _d45026 |
||